Making a market for acts of god: the practice of risk-trading in the global reinsurance industry (Record no. 8706)
[ view plain ]
| 000 -LEADER | |
|---|---|
| fixed length control field | 00568nam a2200193Ia 4500 |
| 020 ## - INTERNATIONAL STANDARD BOOK NUMBER | |
| ISBN | 9780199664764 |
| 082 ## - DEWEY DECIMAL CLASSIFICATION NUMBER | |
| Classification number | 368.122 JAR-; |
| 100 ## - MAIN ENTRY--AUTHOR NAME | |
| Personal name | Jarzabkowski, Paula |
| 245 #0 - TITLE STATEMENT | |
| Title | Making a market for acts of god: the practice of risk-trading in the global reinsurance industry |
| 260 ## - PUBLICATION, DISTRIBUTION, ETC. (IMPRINT) | |
| Place of publication | Oxford |
| Name of publisher | Oxford University Press |
| Year of publication | 2015 |
| 300 ## - PHYSICAL DESCRIPTION | |
| Number of Pages | xiv, 231p |
| 650 ## - SUBJECT ADDED ENTRY--TOPICAL TERM | |
| Topical Term | FINANCIAL REINSURANCE |
| 650 ## - SUBJECT ADDED ENTRY--TOPICAL TERM | |
| Topical Term | CLIMATE CHANGES |
| 650 ## - SUBJECT ADDED ENTRY--TOPICAL TERM | |
| Topical Term | SUPPLY CHAIN MANAGEMENT |
| 650 ## - SUBJECT ADDED ENTRY--TOPICAL TERM | |
| Topical Term | INSURANCE INDUSTRY |
| 700 ## - ADDED ENTRY--PERSONAL NAME | |
| Personal name | Spee, Paul |
| 700 ## - ADDED ENTRY--PERSONAL NAME | |
| Personal name | Bednarek, Rebecca |
| 942 ## - ADDED ENTRY ELEMENTS (KOHA) | |
| Koha item type | Books |
| Withdrawn status | Lost status | Damaged status | Not for loan | Home library | Current library | Date acquired | Source of acquisition | Bill Date | Full call number | Accession Number | Price effective from | Koha item type |
|---|---|---|---|---|---|---|---|---|---|---|---|---|
| NASSDOC Library | NASSDOC Library | 29/03/2016 | KNOW | 2016-03-08 | 368.122 JAR-; | 48970 | 18/04/2019 | Books |
